000 01602cad a22002295a 4500
001 L147975
008 090708s2009 xxkao f 000 0 eng d
035 _a(Sirsi) u147975
041 0 _aeng
050 0 4 _a333.72 $2 218
110 2 _aHomes and Communities Agency
_bHomes and Communities Academy
_95681
245 0 0 _aEco-town report
_blearning from Europe on eco-towns
_h[electronic resource]
260 _a[Leeds]
_bHCA Academy
_c2009
505 2 _aExecutive summary -- Introduction: learning from Europe on eco-towns -- The context: the context eco-cities and eco-towns -- The challenges: the objectives for eco-towns -- Case studies: the case studies and the key steps -- Learning: learning from the case studies -- Skills: developing new skills for eco-communities -- Conclusions: investment, recommendations
520 _aExamines the most advanced eco-towns from European countries as well as Dongtan in China. Draws conclusions on what should be best practice for the British Eco-town programme. Recommends: promoting more European exchanges; developing eco-town city management programmes as well as key themes and projects; supporting workshops; building on European and international best practice; setting up an Eco-town Learning Capacity Building Programme.
521 _aAdvanced
590 _aKA NTK
651 4 _aUnited Kingdom
_y
690 _aENVIRONMENTAL AND LAND CONSULTANCY-SUSTAINABILITY-SUSTAINABLE DEVELOPMENT
856 4 0 _uhttps://showcase.hcaacademy.co.uk/files/general/eco-town-report.pdf
_zView the report free of charge at showcase.hcaacademy.co.uk...
942 _n0
999 _c109821
_d109821